• 首页
  • 本馆介绍
  • 公告通知
  • 最新文献
  • 馆藏检索
  • 电子资源
  • 读者导购
  • 参考咨询
  • 我的图书馆
  • 登录
  • 详细信息显示
  • 放入我的书架
  • 预约/预借图书
  • 作者相关作品
  • 分类相关作品
  • 丛书相关作品
  • 出版社相关作品

书目信息

  • 表格格式
  • 工作单格式
  • 卡片格式
题名:
李鸿章传
    
 
作者: 梁启超 著
分册:  
出版信息: 南京   江苏人民出版社  2020.06
页数: 133页
开本: 21cm
丛书名:
单 册:
中图分类: K827=52
科图分类:
主题词:
电子资源:
ISBN: 978-7-214-24312-6
000 01121nam0 2200289 450
001 0120203038699
005 20201019154223.85
010    @a978-7-214-24312-6@dCNY22.00
100    @a20200722d2020 em y0chiy50 ea
101 0  @achi
102    @aCN@b320000
105    @aa z 000yb
106    @ar
200 1  @a李鸿章传@9li hong zhang zhuan@b专著@f梁启超著
205    @a修订本
210    @a南京@c江苏人民出版社@d2020.06
215    @a133页@c图@d21cm
300    @a凤凰含章经典共读
312    @a封面副题名:梁启超扛鼎之作
330    @a本书是国学大师梁启超先生的经典之作,从李鸿章的早年落拓,写到他镇压太平天国,创办洋务运动使其声望达到顶点,再到甲午战争撞碎其强国梦,李鸿章是怀着死而后已之心为清政府“修修补补”。全书指出李鸿章有鞠躬尽瘁的心,能够忍辱负重,但受制于那个时代,又不由让人感叹“以一人而敌一国”的无望与悲恸。
333    @a个人传记爱好者
517 1  @a梁启超扛鼎之作@9liang qi chao kang ding zhi zuo
600  0 @a李鸿章@f(1823-1901)@x传记
690    @aK827=52@v5
701  0 @a梁启超@9liang qi chao@f(1873-1929)@4著
801  0 @aCN@b人天书店@c20200722
905    @b1289130-33@dK827=52@e1013=2@f4
    
    李鸿章传/梁启超著.-修订本.-南京:江苏人民出版社,2020.06
    133页:图;21cm
    凤凰含章经典共读.-使用对象:个人传记爱好者
    
    ISBN 978-7-214-24312-6:CNY22.00
    本书是国学大师梁启超先生的经典之作,从李鸿章的早年落拓,写到他镇压太平天国,创办洋务运动使其声望达到顶点,再到甲午战争撞碎其强国梦,李鸿章是怀着死而后已之心为清政府“修修补补”。全书指出李鸿章有鞠躬尽瘁的心,能够忍辱负重,但受制于那个时代,又不由让人感叹“以一人而敌一国”的无望与悲恸。
●
相关链接 在E读中查询图书 在五车中查询图书 在当当中查询图书 在豆瓣中查询图书


正题名:李鸿章传     索取号:K827=52/1013=2         预约/预借

序号 登录号 条形码 馆藏地/架位号 状态 备注
1 1289130   212891307   第二样本阅览室/ [索取号:K827=52/1013=2] 在馆    
2 1289131   212891316   第二借阅区/ [索取号:K827=52/1013=2] 在馆    
3 1289132   212891325   第二借阅区/ [索取号:K827=52/1013=2] 在馆    
4 1289133   212891334   第二借阅区/ [索取号:K827=52/1013=2] 在馆    
唐山师范学院图书馆 欢迎您!
大连网信软件有限公司© 版权所有